Statistics for Random Knowledge

Click here to take the quiz!

General Stats

  • This quiz has been taken 27 times
  • The average score is 23 of 50

Answer Stats

HintAnswer% Correct
Adolf Hitler was born in what country?Austria
91%
At over 200,000km, this country has the largest coastlineCanada
91%
This TV show has episodes such as "Cape Feare", "Whacking Day" and "Flaming Moe's".The Simpsons
78%
What is the closest African country to Spain?Morocco
74%
What is the largest prime number between 1 and 1000?997
70%
What is the largest known animal to ever live?Blue whale
70%
In this video game, you can find places such as "Lonely Lodge", "Dusty Depot" and "Breakwater Bay".Fortnite
70%
In this video game series, you can go to locations such as "Cloudtop Cruise", "Moo Moo Farm" and "Choco Mountain"Mario Kart
70%
What is the chemical name for table salt?Sodium Chloride
70%
What is the closest neighbouring galaxy to The Milky Way?Andromeda
65%
This disorder is marked by extreme mood swings between mania/hypomania, and depressionBipolar disorder
65%
In what year did Christopher Columbus sail to America?1492
61%
This TV show has episodes such as "Peekaboo", "Blood Money" and "Caballo sin Nombre"Breaking Bad
61%
Finish the lyric: Oh what a night. Late December, back in...63
57%
This type of exercise means "with oxygen"Aerobic exercise
57%
Located in Asia, this country is the smallest country ending with "stan"Kyrgyzstan
57%
This TV show has episodes such as "Pizza Delivery", "Sailor Mouth", and "Can You Spare a Dime?"Spongebob Squarepants
57%
In this video game series, you can go to locations such as " Faron woods", "Eldin Volcano" and "Lanaryu Desert"The Legend of Zelda ™
57%
How many pounds are in a kilogram? (to one decimal point)2.2
52%
Name one of the two NHL teams who have never won a Stanley Cup, despite being in the league since 1971Buffalo Sabres, Vancouver Canucks
52%
This condition is caused by excessive circulating bilirubin, causing yellowing of the skin and scleraJaundice
52%
This celestial body is visible from Earth every 75-79 years. Last seen from Earth in 1986, it will be as far as it can get from the sun on December 9, 2023.Halley's Comet
48%
In this Nintendo video game, you can find places such as "Cool, Cool Mountain", "Dire, Dire Docks" and "Tick Tock Clock".Super Mario 64
48%
This Youtube channel has videos such as "What if everyone jumped at once?", "The Zipf Mystery" and "What does Human taste like?"Vsauce
48%
Name one of two inventors credited with discovering calculusIsaac Newton, Gottfried Leibniz
43%
Finish the lyric: Mario, Luigi, and a Donkey Kong too.. A thousand troops of Koopas couldn't...Keep me from you
43%
This team won the Stanley Cup in 1927...Ottawa Senators
43%
This place is an accepted answer on the Sporcle "Countries of the World quiz", however is not an accepted answer on the Jetpunk "Countries of the World quiz"Palestine
43%
What Triforce does Zelda possess in "The Legend of Zelda" series?Triforce of Wisdom
43%
If you have AB+ blood, you are known as a...Universal recipient
43%
In this Nintendo video game, you can find places such as "Clanker's Cavern", "Freezeezy Peak" and "Spiral Mountain".Banjo-Kazooie
39%
This condition is medically known as "Conjunctivitis"Pink eye
39%
This TV show has episodes such as "Cobbler", "Something Stupid", and "Plan and Execution".Better Call Saul
35%
This person is often a Nimrod-Nincompoop-NeanderthalDylan Vincent
35%
This NHL player has won the most Stanley cups (11)Henri Richard
35%
This Youtube channel has videos such as "8 Weird Ways to Open a Bottle", "Locked in a Sensory Deprivation Tank" and "The Sriracha Taste Test Challenge"Good Mythical Morning
30%
At only 23%, this country is the least guessed country on the Jetpunk "Countries of the World Quiz"São Tomé and Príncipe
30%
This organ is known as the "Red blood cell graveyard"Spleen
30%
Insulin and enoxaparin are administered using a needle via the s/c route, s/c is short for this...Subcutaneous
30%
C12H22O11 is the chemical formula for what?Sucrose
30%
Name the movie with this quote: "You sold my dead bird to a blind kid?"Dumb and Dumber
26%
This TV show has episodes such as "Father Time", "Nectar of the Odds", and "Deja Vu".Fairly Odd Parents
26%
Natural hormone produced by hypothalamus to help stimulate contractions during labour and childbirth, as well as stimulate lactation postpartum.Oxytocin
26%
Name the movie with this quote: "Make like a tree, and get out of here"Back to the Future
22%
On a guitar, what note is associated with each string from thinnest to thickest?E,B,G,D,A,E
22%
Finish this lyric: "Things that bother you never bother me, I feel happy and fine, Aha! Living in the sunlight...Loving in the moonlight
22%
Name the movie with this quote: "Oh, grow up. What, you think this is a game of kickball on the playground? You never had a chance to defeat me, fool!"The Spongebob Squarepants Movie
22%
This Youtube channel has videos such as "Red Flags", "Is She Into You?" and "Levels of Wealth"Casually Explained
13%
This condition is caused by too much circulating carbon dioxide, leading to a blood pH lower than normal range.Respiratory acidosis
13%
At over 38 million subscribers, this Youtube channel is the most subscribed unverified Youtube channel.Super Simple Songs-Kids Songs
0%

Score Distribution

Percentile by Number Answered

Percent of People with Each Score

Your Score History

You have not taken this quiz